[Event "Sao Paulo Masters 2nd"]
[Site "Sao Paulo"]
[Date "2011.05.10"]
[Round "3.1"]
[White "El Debs, Felipe de Cresce"]
[Black "Mekhitarian, Krikor Sevag"]
[Result "0-1"]
[WhiteElo "2497"]
[BlackElo "2499"]
[PlyCount "90"]
[EventDate "2011.05.10"]
[EventType "k.o. (blitz)"]
[EventRounds "4"]
[EventCountry "BRA"]
[SourceTitle "CBM 142 Extra"]
[Source "ChessBase"]
[SourceDate "2011.06.27"]
[SourceVersion "1"]
[SourceVersionDate "2011.06.27"]
[SourceQuality "1"]

1. Nf3 c5 2. c4 Nc6 3. Nc3 e5 4. e3 Nf6 5. Be2 d5 6. d4 e4 7. Ne5 Bd6 8. cxd5
Nxe5 9. dxe5 Bxe5 10. Nxe4 Nxe4 11. Qa4+ Bd7 12. Qxe4 Qe7 13. Bd2 f5 14. Qc2
O-O 15. O-O Qd6 16. g3 Kh8 17. Bf3 b5 18. Bc3 Rac8 19. Bxe5 Qxe5 20. Qc3 Qd6
21. e4 fxe4 22. Bxe4 Rce8 23. Qc2 Re5 24. f4 Re7 25. Rad1 Rfe8 26. Bf3 c4 27.
Qf2 Re3 28. Rfe1 Qc5 29. Rxe3 Rxe3 30. Kg2 Qe7 31. d6 Qe6 32. Kf1 h6 33. a3 a5
34. Bg2 b4 35. axb4 axb4 36. Qc2 c3 37. bxc3 Rxc3 38. Qe2 Re3 39. Qa6 b3 40.
Qa8+ Kh7 41. Qb7 Qc4+ 42. Kg1 Qc2 43. Rf1 Re2 44. Bf3 Bh3 45. Bxe2 Qxe2 0-1

[Event "Sao Paulo Masters 2nd"]
[Site "Sao Paulo"]
[Date "2011.05.10"]
[Round "4.1"]
[White "Milos, Gilberto"]
[Black "Mekhitarian, Krikor Sevag"]
[Result "1-0"]
[WhiteElo "2597"]
[BlackElo "2499"]
[PlyCount "77"]
[EventDate "2011.05.10"]
[EventType "k.o. (blitz)"]
[EventRounds "4"]
[EventCountry "BRA"]
[SourceTitle "CBM 142 Extra"]
[Source "ChessBase"]
[SourceDate "2011.06.27"]
[SourceVersion "1"]
[SourceVersionDate "2011.06.27"]
[SourceQuality "1"]

1. d4 Nf6 2. Nf3 g6 3. Bg5 Bg7 4. Nbd2 O-O 5. e4 d5 6. exd5 Nxd5 7. c3 Nc6 8.
Bc4 Nb6 9. Bb3 Bf5 10. O-O Qd7 11. Re1 Rfe8 12. Ne4 Bxe4 13. Rxe4 e6 14. h4 a5
15. a4 Nd5 16. Qd2 Nf6 17. Re2 Nd5 18. h5 Qd6 19. Rae1 Nce7 20. hxg6 hxg6 21.
g3 Nf5 22. Kg2 c6 23. Rh1 Bf6 24. Ne5 Qe7 25. Bxf6 Qxf6 26. Rh3 Rad8 27. Re1
Qg7 28. g4 Nfe7 29. Reh1 f6 30. Nd3 g5 31. c4 Nf4+ 32. Nxf4 gxf4 33. Qxf4 Ng6
34. Qe3 e5 35. c5+ Kf8 36. Rh7 Nf4+ 37. Kg3 Qg6 38. Rh8+ Ke7 39. R1h7+ 1-0

[Event "Sao Paulo Masters 2nd"]
[Site "Sao Paulo"]
[Date "2011.05.10"]
[Round "4.2"]
[White "Mekhitarian, Krikor Sevag"]
[Black "Milos, Gilberto"]
[Result "1-0"]
[WhiteElo "2499"]
[BlackElo "2597"]
[PlyCount "87"]
[EventDate "2011.05.10"]
[EventType "k.o. (blitz)"]
[EventRounds "4"]
[EventCountry "BRA"]
[SourceTitle "CBM 142 Extra"]
[Source "ChessBase"]
[SourceDate "2011.06.27"]
[SourceVersion "1"]
[SourceVersionDate "2011.06.27"]
[SourceQuality "1"]

1. d4 Nf6 2. c4 g6 3. Nc3 Bg7 4. e4 O-O 5. f3 c5 6. d5 d6 7. Nge2 e6 8. Ng3
exd5 9. cxd5 h5 10. Be2 h4 11. Nf1 Nh5 12. f4 Nf6 13. Nd2 Re8 14. O-O b6 15.
Bf3 Ba6 16. Re1 Nbd7 17. a4 Nh7 18. Nb5 Bxb5 19. axb5 g5 20. Nc4 Ndf8 21. e5
gxf4 22. exd6 Rxe1+ 23. Qxe1 Ng6 24. Bd2 Ng5 25. Kh1 h3 26. Qe2 Nh4 27. Bxf4
hxg2+ 28. Bxg2 Qf6 29. Bg3 Nf5 30. Bf2 Nxd6 31. Nxd6 Qxd6 32. Bh4 Qf4 33. Bg3
Qf6 34. d6 Rd8 35. Rf1 Qg6 36. Qg4 Ne6 37. Qf3 Nd4 38. Qd5 Bf8 39. Be4 Qg7 40.
Be5 Qg5 41. Rg1 Qxg1+ 42. Kxg1 Bxd6 43. Bxd6 Ne2+ 44. Kf2 1-0

[Event "Sao Paulo Masters 2nd"]
[Site "Sao Paulo"]
[Date "2011.05.10"]
[Round "4.3"]
[White "Mekhitarian, Krikor Sevag"]
[Black "Milos, Gilberto"]
[Result "1-0"]
[WhiteElo "2499"]
[BlackElo "2597"]
[PlyCount "121"]
[EventDate "2011.05.10"]
[EventType "k.o. (blitz)"]
[EventRounds "4"]
[EventCountry "BRA"]
[SourceTitle "CBM 142 Extra"]
[Source "ChessBase"]
[SourceDate "2011.06.27"]
[SourceVersion "1"]
[SourceVersionDate "2011.06.27"]
[SourceQuality "1"]

1. d4 Nf6 2. c4 e6 3. Nc3 d5 4. cxd5 exd5 5. Bg5 Be7 6. e3 c6 7. Bd3 O-O 8. Qc2
Nbd7 9. Nge2 Re8 10. O-O Nf8 11. f3 Be6 12. Rad1 Rc8 13. e4 dxe4 14. fxe4 Ng4
15. Bc1 c5 16. Bb5 cxd4 17. Bxe8 Qxe8 18. Nxd4 Bc4 19. Rf4 h5 20. h3 Ne5 21.
Nf5 Bc5+ 22. Be3 Ne6 23. Bxc5 Nxf4 24. Nd6 Qc6 25. Be3 Bd3 26. Nxc8 Qxc8 27.
Qf2 Nxh3+ 28. gxh3 Qxh3 29. Qf4 f6 30. Nd5 Be2 31. Rc1 Bf3 32. Qh2 Qg4+ 33. Kf2
Nd3+ 34. Kf1 Nxc1 35. Bxc1 Qxe4 36. Nc3 Qd3+ 37. Ke1 Bg4 38. Qf4 Kf7 39. Qc7+
Kg6 40. Qxb7 Qg3+ 41. Kd2 Qf4+ 42. Kd3 Bf5+ 43. Ne4 Qf3+ 44. Kd4 Qd1+ 45. Bd2
Qg1+ 46. Be3 Qd1+ 47. Kc3 Qe1+ 48. Kd4 Qd1+ 49. Nd2 Qg4+ 50. Kc3 Qg3 51. Qe7 h4
52. Nc4 h3 53. Qe8+ Kh7 54. Nd6 Qe5+ 55. Qxe5 fxe5 56. Bg1 Be6 57. Bh2 g5 58.
Bxe5 Kg6 59. Ne4 g4 60. Bg3 Kf5 61. Nf2 1-0

[Event "Pindamonhangaba op"]
[Site "Pindamonhangaba"]
[Date "2011.07.15"]
[Round "1"]
[White "Vasconcelos, Paulo Cesar da S"]
[Black "Mekhitarian, Krikor Sevag"]
[Result "0-1"]
[WhiteElo "1924"]
[BlackElo "2498"]
[PlyCount "46"]
[EventDate "2011.07.15"]
[EventType "swiss"]
[EventRounds "5"]
[EventCountry "BRA"]
[SourceTitle "EXT 2014"]
[Source "ChessBase"]
[SourceDate "2013.11.20"]
[SourceVersion "1"]
[SourceVersionDate "2013.11.20"]
[SourceQuality "1"]

1. d4 Nf6 2. c4 g6 3. Nc3 d5 4. cxd5 Nxd5 5. e4 Nxc3 6. bxc3 Bg7 7. Nf3 c5 8.
Bc4 O-O 9. O-O Bg4 10. Be3 Nc6 11. Bd5 Qa5 12. Bxc6 bxc6 13. h3 Be6 14. Qc1
Rfd8 15. Bh6 Bh8 16. e5 Bd5 17. Nh2 cxd4 18. cxd4 c5 19. Bd2 Qb5 20. dxc5 Qc6
21. Re1 Bxg2 22. Ng4 Bxh3 23. Ne3 Rd3 0-1

[Event "Pindamonhangaba op"]
[Site "Pindamonhangaba"]
[Date "2011.07.15"]
[Round "2"]
[White "Mekhitarian, Krikor Sevag"]
[Black "Pires, Marcos Vinicius Tor"]
[Result "1-0"]
[WhiteElo "2498"]
[BlackElo "2140"]
[PlyCount "39"]
[EventDate "2011.07.15"]
[EventType "swiss"]
[EventRounds "5"]
[EventCountry "BRA"]
[SourceTitle "EXT 2014"]
[Source "ChessBase"]
[SourceDate "2013.11.20"]
[SourceVersion "1"]
[SourceVersionDate "2013.11.20"]
[SourceQuality "1"]

1. d4 d5 2. c4 c6 3. Nc3 Nf6 4. Nf3 dxc4 5. a4 Bf5 6. Ne5 Nbd7 7. Nxc4 Nb6 8.
Ne5 a5 9. e3 Nfd7 10. Nd3 e6 11. Be2 Bd6 12. e4 Bg6 13. Nf4 Bb4 14. f3 e5 15.
dxe5 Nxe5 16. h4 f6 17. Qxd8+ Rxd8 18. Ne6 Rd7 19. h5 Kf7 20. Nf4 1-0

[Event "Pindamonhangaba op"]
[Site "Pindamonhangaba"]
[Date "2011.07.15"]
[Round "3"]
[White "Quintiliano Pinto, Renato Rodrigues"]
[Black "Mekhitarian, Krikor Sevag"]
[Result "1/2-1/2"]
[WhiteElo "2252"]
[BlackElo "2498"]
[PlyCount "42"]
[EventDate "2011.07.15"]
[EventType "swiss"]
[EventRounds "5"]
[EventCountry "BRA"]
[SourceTitle "EXT 2014"]
[Source "ChessBase"]
[SourceDate "2013.11.20"]
[SourceVersion "1"]
[SourceVersionDate "2013.11.20"]
[SourceQuality "1"]

1. d4 Nf6 2. c4 g6 3. f3 d5 4. cxd5 Nxd5 5. e4 Nb6 6. Nc3 Bg7 7. Be3 O-O 8. Qd2
Nc6 9. O-O-O Qd6 10. Nb5 Qd7 11. Bh6 Bxh6 12. Qxh6 a6 13. Nc3 Nxd4 14. f4 c5
15. h4 e5 16. f5 f6 17. fxg6 hxg6 18. Na4 Qxa4 19. Qxg6+ Kh8 20. Qh6+ Kg8 21.
Qg6+ Kh8 1/2-1/2

[Event "Pindamonhangaba op"]
[Site "Pindamonhangaba"]
[Date "2011.07.17"]
[Round "4"]
[White "Mekhitarian, Krikor Sevag"]
[Black "Barbosa, Fernando"]
[Result "1-0"]
[WhiteElo "2498"]
[BlackElo "2077"]
[PlyCount "89"]
[EventDate "2011.07.15"]
[EventType "swiss"]
[EventRounds "5"]
[EventCountry "BRA"]
[SourceTitle "EXT 2014"]
[Source "ChessBase"]
[SourceDate "2013.11.20"]
[SourceVersion "1"]
[SourceVersionDate "2013.11.20"]
[SourceQuality "1"]

1. d4 Nf6 2. c4 g6 3. Nc3 d5 4. Nf3 Bg7 5. cxd5 Nxd5 6. e4 Nxc3 7. bxc3 O-O 8.
Be3 b6 9. Bd3 c5 10. Rc1 cxd4 11. cxd4 Bb7 12. O-O Nc6 13. d5 Ne5 14. Nxe5 Bxe5
15. Bc4 Qd7 16. f4 Bg7 17. Qd3 Rac8 18. Rfd1 g5 19. fxg5 Be5 20. h3 Qd6 21. Qe2
Rc7 22. Bd3 Rfc8 23. Rxc7 Rxc7 24. Qf2 Bg3 25. Qf3 Bh2+ 26. Kh1 Be5 27. Rf1 e6
28. Bc4 exd5 29. Bxd5 Bxd5 30. exd5 Rd7 31. Rd1 Qg6 32. h4 Bb8 33. Rc1 Rd8 34.
g3 Qd3 35. Rd1 Qc2 36. Rf1 Qc7 37. Bd4 Qd7 38. Bf6 Qh3+ 39. Kg1 Rf8 40. Qg2 Qd7
41. Ba1 Bd6 42. Qb2 Bc5+ 43. Kh2 f6 44. Rxf6 Rxf6 45. Qxf6 1-0

[Event "Pindamonhangaba op"]
[Site "Pindamonhangaba"]
[Date "2011.07.17"]
[Round "5"]
[White "Mareco, Sandro"]
[Black "Mekhitarian, Krikor Sevag"]
[Result "1-0"]
[WhiteElo "2597"]
[BlackElo "2498"]
[PlyCount "65"]
[EventDate "2011.07.15"]
[EventType "swiss"]
[EventRounds "5"]
[EventCountry "BRA"]
[SourceTitle "EXT 2014"]
[Source "ChessBase"]
[SourceDate "2013.11.20"]
[SourceVersion "1"]
[SourceVersionDate "2013.11.20"]
[SourceQuality "1"]

1. d4 Nf6 2. c4 g6 3. Nc3 d5 4. cxd5 Nxd5 5. e4 Nxc3 6. bxc3 Bg7 7. Bc4 O-O 8.
Ne2 b6 9. h4 Nc6 10. Bd5 Qd7 11. h5 e6 12. Bb3 Na5 13. hxg6 fxg6 14. Qd3 Nxb3
15. axb3 a5 16. Qh3 Bh8 17. e5 Qf7 18. Nf4 c5 19. Be3 cxd4 20. cxd4 Ra7 21. Rc1
Rc7 22. O-O Rxc1 23. Rxc1 g5 24. Rxc8 Rxc8 25. Nxe6 Qd7 26. Qf5 Qf7 27. Qg4 Re8
28. Nxg5 Qg6 29. f4 Rf8 30. d5 b5 31. d6 a4 32. bxa4 b4 33. Qd1 1-0

[Event "Jatai op"]
[Site "Jatai"]
[Date "2011.07.29"]
[Round "2"]
[White "Correa, Lorenna Martins"]
[Black "Mekhitarian, Krikor Sevag"]
[Result "0-1"]
[WhiteElo "1842"]
[BlackElo "2498"]
[PlyCount "68"]
[EventDate "2011.07.29"]
[EventType "swiss"]
[EventRounds "6"]
[EventCountry "BRA"]
[SourceTitle "EXT 2012"]
[Source "ChessBase"]
[SourceDate "2011.11.24"]
[SourceVersion "1"]
[SourceVersionDate "2011.11.24"]
[SourceQuality "1"]

1. d4 Nf6 2. c4 g6 3. Nc3 d5 4. cxd5 Nxd5 5. e4 Nxc3 6. bxc3 Bg7 7. Bc4 O-O 8.
Ne2 b6 9. O-O Nc6 10. Be3 Na5 11. Bb5 Bb7 12. f3 Qc8 13. Qc1 Ba6 14. Bxa6 Qxa6
15. Re1 Rfe8 16. Bh6 Bh8 17. e5 c5 18. Qe3 Nc4 19. Qe4 Rad8 20. f4 f5 21. Qd3
Qa4 22. h4 e6 23. h5 Bg7 24. Bg5 Rd7 25. hxg6 hxg6 26. Qh3 Kf7 27. Kf2 Nd2 28.
Rh1 Ne4+ 29. Ke3 cxd4+ 30. Nxd4 Rxd4 31. cxd4 Qa3+ 32. Ke2 Qb2+ 33. Kd3 Qc3+
34. Ke2 Qd2+ 0-1

[Event "Jatai op"]
[Site "Jatai"]
[Date "2011.07.30"]
[Round "3"]
[White "Mekhitarian, Krikor Sevag"]
[Black "De Oliveira, Aquiles Machado"]
[Result "1-0"]
[WhiteElo "2498"]
[BlackElo "2086"]
[PlyCount "72"]
[EventDate "2011.07.29"]
[EventType "swiss"]
[EventRounds "6"]
[EventCountry "BRA"]
[SourceTitle "EXT 2012"]
[Source "ChessBase"]
[SourceDate "2011.11.24"]
[SourceVersion "1"]
[SourceVersionDate "2011.11.24"]
[SourceQuality "1"]

1. d4 Nf6 2. c4 g6 3. Nc3 Bg7 4. e4 d6 5. f3 e5 6. Nge2 Nc6 7. d5 Ne7 8. Be3
Nd7 9. g4 f5 10. Qd2 fxg4 11. fxg4 Nb6 12. Bxb6 axb6 13. g5 h6 14. Bg2 hxg5 15.
Qxg5 Bh6 16. Qg3 Rf8 17. h4 Bd7 18. Kd1 Qb8 19. Kc2 Qa7 20. Bh3 Bxh3 21. Qxh3
Qb8 22. h5 Qc8 23. hxg6 Qxh3 24. Rxh3 Bg7 25. Rh7 Rg8 26. Ng3 Bf6 27. Nh5 Rxg6
28. Rf1 Bg5 29. Ng7+ Kd7 30. Ne6 Rf6 31. Nxc7 Rc8 32. Rg1 Rf2+ 33. Kb3 Bf6 34.
Ne6 Ra8 35. Na4 Ra6 36. Rg3 Re2 1-0

[Event "Jatai op"]
[Site "Jatai"]
[Date "2011.07.30"]
[Round "4"]
[White "Caldeira, Adriano"]
[Black "Mekhitarian, Krikor Sevag"]
[Result "1/2-1/2"]
[WhiteElo "2231"]
[BlackElo "2498"]
[PlyCount "92"]
[EventDate "2011.07.29"]
[EventType "swiss"]
[EventRounds "6"]
[EventCountry "BRA"]
[SourceTitle "EXT 2012"]
[Source "ChessBase"]
[SourceDate "2011.11.24"]
[SourceVersion "1"]
[SourceVersionDate "2011.11.24"]
[SourceQuality "1"]

1. e4 c5 2. Nf3 e6 3. d4 cxd4 4. Nxd4 Nc6 5. Nxc6 bxc6 6. Bd3 d5 7. Nd2 Qc7 8.
O-O Bd6 9. h3 Ne7 10. b3 O-O 11. Bb2 Ng6 12. Re1 a5 13. c4 Be5 14. Bxe5 Nxe5
15. Bf1 d4 16. c5 Rd8 17. g3 g5 18. Nf3 f6 19. Nxe5 fxe5 20. Qg4 Qg7 21. Bc4
Qg6 22. h4 gxh4 23. Qxh4 Rf8 24. Qe7 Qf7 25. Qg5+ Qg7 26. Qxg7+ Kxg7 27. Kg2
Rf6 28. Rh1 Rh6 29. Rxh6 Kxh6 30. f4 exf4 31. gxf4 e5 32. Kg3 Ba6 33. Bxa6 Rxa6
34. fxe5 Ra8 35. Rd1 Rd8 36. e6 Kg5 37. e7 Re8 38. Rxd4 Rxe7 39. Kf3 Re5 40.
Rc4 h5 41. Rc1 h4 42. a3 Re8 43. a4 Rd8 44. Rg1+ Kf6 45. Kf4 Rh8 46. b4 axb4
1/2-1/2

[Event "Jatai op"]
[Site "Jatai"]
[Date "2011.07.31"]
[Round "5"]
[White "Mekhitarian, Krikor Sevag"]
[Black "De Paula, Rafael Figueiredo"]
[Result "1-0"]
[WhiteElo "2498"]
[BlackElo "1901"]
[PlyCount "87"]
[EventDate "2011.07.29"]
[EventType "swiss"]
[EventRounds "6"]
[EventCountry "BRA"]
[SourceTitle "EXT 2012"]
[Source "ChessBase"]
[SourceDate "2011.11.24"]
[SourceVersion "1"]
[SourceVersionDate "2011.11.24"]
[SourceQuality "1"]

1. d4 Nf6 2. c4 g6 3. Nc3 d5 4. cxd5 Nxd5 5. e4 Nxc3 6. bxc3 Bg7 7. Be3 c5 8.
Qd2 Qa5 9. Nf3 Nc6 10. Rb1 cxd4 11. cxd4 O-O 12. Bd3 Rd8 13. Qxa5 Nxa5 14. h3
e6 15. Kf1 Nc6 16. e5 f6 17. h4 fxe5 18. dxe5 Nxe5 19. Nxe5 Bxe5 20. h5 b6 21.
hxg6 hxg6 22. f4 Bg7 23. Bxg6 Ba6+ 24. Kf2 Bd3 25. Bxd3 Rxd3 26. Rb3 Rad8 27.
Ke2 Rxb3 28. axb3 Rd7 29. Rc1 Kf7 30. g4 Bb2 31. Rc6 Bg7 32. b4 Bd4 33. b5 Bxe3
34. Kxe3 Rd5 35. Rc7+ Kg6 36. Re7 Kf6 37. Rxa7 Rxb5 38. g5+ Kg6 39. Re7 e5 40.
Re6+ Kf5 41. Rf6+ Kg4 42. g6 exf4+ 43. Rxf4+ Kh5 44. g7 1-0

[Event "Jatai op"]
[Site "Jatai"]
[Date "2011.07.31"]
[Round "6"]
[White "Perdomo, Leandro Daniel"]
[Black "Mekhitarian, Krikor Sevag"]
[Result "1/2-1/2"]
[WhiteElo "2384"]
[BlackElo "2498"]
[PlyCount "64"]
[EventDate "2011.07.29"]
[EventType "swiss"]
[EventRounds "6"]
[EventCountry "BRA"]
[SourceTitle "EXT 2012"]
[Source "ChessBase"]
[SourceDate "2011.11.24"]
[SourceVersion "1"]
[SourceVersionDate "2011.11.24"]
[SourceQuality "1"]

1. d4 Nf6 2. c4 e6 3. Nf3 d5 4. Nc3 c6 5. cxd5 exd5 6. Qc2 g6 7. Bg5 Be7 8. e3
Bf5 9. Bd3 Bxd3 10. Qxd3 Nbd7 11. Bh6 Ng4 12. Bf4 O-O 13. h3 Ngf6 14. O-O Re8
15. Rab1 a5 16. Rfc1 Bf8 17. Ne5 Nxe5 18. Bxe5 Bd6 19. Bxd6 Qxd6 20. a3 h5 21.
b4 axb4 22. axb4 b5 23. Rc2 h4 24. Re2 Re6 25. Ra2 Rxa2 26. Nxa2 Ne4 27. Rb2 f5
28. Nc3 f4 29. Nxe4 Rxe4 30. Qc3 fxe3 31. fxe3 Qe6 32. Rc2 Kg7 1/2-1/2

[Event "Goiania op"]
[Site "Goiania"]
[Date "2011.09.16"]
[Round "2"]
[White "Mekhitarian, Krikor Sevag"]
[Black "De Oliveira, Kenner Martins"]
[Result "1-0"]
[WhiteElo "2488"]
[BlackElo "1810"]
[PlyCount "53"]
[EventDate "2011.09.16"]
[EventType "swiss"]
[EventRounds "6"]
[EventCountry "BRA"]
[SourceTitle "EXT 2014"]
[Source "ChessBase"]
[SourceDate "2013.11.20"]
[SourceVersion "1"]
[SourceVersionDate "2013.11.20"]
[SourceQuality "1"]

1. d4 d5 2. c4 c6 3. Nc3 Nf6 4. Nf3 e6 5. Bg5 dxc4 6. e4 b5 7. e5 h6 8. Bh4 g5
9. Bg3 Nd5 10. Nd2 Nd7 11. Be2 N7b6 12. Nde4 Nxc3 13. bxc3 Nd5 14. O-O Qa5 15.
Bh5 Be7 16. f4 gxf4 17. Bxf4 Bb7 18. Bxf7+ Kd7 19. Qg4 Nc7 20. Nf6+ Bxf6 21.
exf6 Qxc3 22. Qg7 Qxd4+ 23. Kh1 Nd5 24. Bg8+ Kd8 25. Qf8+ Kd7 26. Qd6+ Kc8 27.
Bxe6# 1-0

[Event "Goiania op"]
[Site "Goiania"]
[Date "2011.09.17"]
[Round "3"]
[White "Rezende, Guilherme Vilela"]
[Black "Mekhitarian, Krikor Sevag"]
[Result "0-1"]
[WhiteElo "2060"]
[BlackElo "2488"]
[PlyCount "98"]
[EventDate "2011.09.16"]
[EventType "swiss"]
[EventRounds "6"]
[EventCountry "BRA"]
[SourceTitle "EXT 2014"]
[Source "ChessBase"]
[SourceDate "2013.11.20"]
[SourceVersion "1"]
[SourceVersionDate "2013.11.20"]
[SourceQuality "1"]

1. Nf3 e6 2. d4 c5 3. d5 exd5 4. Qxd5 Nf6 5. Qb3 d5 6. Bf4 Nc6 7. c3 c4 8. Qd1
Ne4 9. e3 g5 10. Bg3 h5 11. Nd4 h4 12. Nxc6 bxc6 13. Be5 f6 14. f3 fxe5 15.
fxe4 Bc5 16. Nd2 Bxe3 17. Qc2 Qb6 18. O-O-O Bg4 19. exd5 cxd5 20. Re1 O-O-O 21.
Be2 Be6 22. Rhf1 Rhf8 23. Kb1 Bf4 24. h3 Bf5 25. Bg4 Qe6 26. Bxf5 Qxf5 27. Nf3
Qxc2+ 28. Kxc2 Rfe8 29. Re2 Kd7 30. Rfe1 Kd6 31. Nd4 Rd7 32. Nf5+ Kc5 33. b4+
Kb6 34. a4 Rf8 35. Ne3 Bxe3 36. Rxe3 e4 37. Rd1 Rf2+ 38. Rd2 Rdf7 39. Ree2 Rxe2
40. Rxe2 Kc6 41. Kd2 Kd6 42. Ke1 Ke5 43. Rd2 e3 44. Rd4 Rf2 45. Rg4 Rc2 46.
Rxg5+ Ke4 47. Rg4+ Kf5 48. b5 Rxc3 49. Rxh4 Rc2 0-1

[Event "Goiania op"]
[Site "Goiania"]
[Date "2011.09.17"]
[Round "4"]
[White "Mekhitarian, Krikor Sevag"]
[Black "Batista, Gerson Peres"]
[Result "1/2-1/2"]
[WhiteElo "2488"]
[BlackElo "2201"]
[PlyCount "115"]
[EventDate "2011.09.16"]
[EventType "swiss"]
[EventRounds "6"]
[EventCountry "BRA"]
[SourceTitle "EXT 2014"]
[Source "ChessBase"]
[SourceDate "2013.11.20"]
[SourceVersion "1"]
[SourceVersionDate "2013.11.20"]
[SourceQuality "1"]

1. d4 Nf6 2. c4 g6 3. Nc3 Bg7 4. e4 d6 5. f3 O-O 6. Be3 e5 7. Nge2 Nc6 8. d5
Ne7 9. Qd2 Ne8 10. g4 f5 11. gxf5 gxf5 12. O-O-O f4 13. Bf2 a6 14. Kb1 Bd7 15.
Nc1 Rb8 16. Nb3 b6 17. h4 Qc8 18. h5 Kh8 19. Bh4 Bf6 20. Qh2 Ng8 21. Rd2 Qd8
22. Bxf6+ Ngxf6 23. Rg2 Rg8 24. Rxg8+ Nxg8 25. Bh3 Qc8 26. Bxd7 Qxd7 27. Nd1
Nh6 28. Qe2 a5 29. Nc3 Nf6 30. Nb5 Rg8 31. Rd1 Nf7 32. h6 Ne8 33. Nc1 Qh3 34.
Nd3 Qg2 35. Nc3 Qxe2 36. Nxe2 Rg2 37. Nc3 Rg3 38. Rf1 Ng5 39. Ne1 Rh3 40. Kc2
Rxh6 41. Kb3 Rh2 42. Nb5 Nh3 43. Nd3 Kg7 44. Kc3 Kf7 45. a3 Nf6 46. b4 axb4+
47. axb4 Nh5 48. Re1 Ng3 49. c5 bxc5 50. bxc5 Ne2+ 51. Kc4 Nd4 52. Nc3 Rc2 53.
Nb4 Rb2 54. Rd1 dxc5 55. Kxc5 Nb3+ 56. Kb5 Nd2 57. Kc6 Nb3 58. Kxc7 1/2-1/2

[Event "Goiania op"]
[Site "Goiania"]
[Date "2011.09.18"]
[Round "5"]
[White "Mekhitarian, Krikor Sevag"]
[Black "De Paula, Rafael Figueiredo"]
[Result "1-0"]
[WhiteElo "2488"]
[BlackElo "1986"]
[PlyCount "81"]
[EventDate "2011.09.16"]
[EventType "swiss"]
[EventRounds "6"]
[EventCountry "BRA"]
[SourceTitle "EXT 2014"]
[Source "ChessBase"]
[SourceDate "2013.11.20"]
[SourceVersion "1"]
[SourceVersionDate "2013.11.20"]
[SourceQuality "1"]

1. Nf3 Nf6 2. c4 e6 3. d4 d5 4. Nc3 Be7 5. Bf4 O-O 6. e3 c5 7. dxc5 Bxc5 8.
cxd5 exd5 9. Be2 Nc6 10. O-O Be6 11. Rc1 a6 12. Na4 Ba7 13. Ne5 Nxe5 14. Bxe5
Rc8 15. Rxc8 Bxc8 16. Nc3 Re8 17. Bxf6 Qxf6 18. Qxd5 Rd8 19. Qe4 Bb8 20. g3 g6
21. Rd1 Rxd1+ 22. Bxd1 Be5 23. Bg4 Bxg4 24. Qxg4 Qb6 25. Qc8+ Kg7 26. Na4 Qd6
27. Qc2 Qd5 28. b3 h5 29. Nb6 Qd8 30. Nc4 Qd5 31. Nb6 Qd8 32. Qc5 Bf6 33. Nd5
Be5 34. h4 Qd7 35. Kg2 Qf5 36. Nf4 Qf6 37. Nd3 Ba1 38. Qd5 Qe7 39. Nc5 b6 40.
Nxa6 Qa3 41. Nc7 1-0

[Event "Goiania op"]
[Site "Goiania"]
[Date "2011.09.18"]
[Round "6"]
[White "Barbosa, Evandro Amorim"]
[Black "Mekhitarian, Krikor Sevag"]
[Result "1/2-1/2"]
[WhiteElo "2383"]
[BlackElo "2488"]
[PlyCount "32"]
[EventDate "2011.09.16"]
[EventType "swiss"]
[EventRounds "6"]
[EventCountry "BRA"]
[SourceTitle "EXT 2014"]
[Source "ChessBase"]
[SourceDate "2013.11.20"]
[SourceVersion "1"]
[SourceVersionDate "2013.11.20"]
[SourceQuality "1"]

1. e4 c5 2. Nf3 e6 3. d4 cxd4 4. Nxd4 a6 5. Bd3 Bc5 6. Nb3 Be7 7. O-O d6 8. c4
Nf6 9. Nc3 O-O 10. f4 Nc6 11. Qe2 b6 12. Bd2 Bb7 13. Rae1 Nd7 14. Kh1 Nc5 15.
Bb1 Bf6 16. Be3 Nxb3 1/2-1/2

[Event "Cuiaba op"]
[Site "Cuiaba"]
[Date "2011.10.21"]
[Round "2"]
[White "Rothebarth, Ana Vitoria de Paul"]
[Black "Mekhitarian, Krikor Sevag"]
[Result "0-1"]
[WhiteElo "2043"]
[BlackElo "2488"]
[PlyCount "74"]
[EventDate "2011.10.21"]
[EventType "swiss"]
[EventRounds "6"]
[EventCountry "BRA"]
[SourceTitle "EXT 2013"]
[Source "ChessBase"]
[SourceDate "2012.11.22"]
[SourceVersion "1"]
[SourceVersionDate "2012.11.22"]
[SourceQuality "1"]

1. e4 c5 2. Nc3 Nc6 3. f4 g6 4. Nf3 Bg7 5. a3 d6 6. Bb5 Bd7 7. O-O Nf6 8. d3
Nd4 9. Bxd7+ Nxd7 10. Be3 O-O 11. Rb1 f5 12. Ne2 Nxf3+ 13. Rxf3 Nf6 14. exf5
gxf5 15. Kh1 e6 16. Ng1 Qd7 17. Bd2 Rae8 18. Qf1 Kh8 19. Bc3 Ng4 20. Ne2 Rf7
21. h3 Bxc3 22. Nxc3 Nf6 23. Re1 Nh5 24. g4 fxg4 25. hxg4 Nf6 26. Qh3 e5 27.
Rg1 exf4 28. Rxf4 Ref8 29. Kh2 Qe6 30. Rg2 Qe5 31. Qg3 Nh5 32. Rxf7 Nxg3 33.
Rxf8+ Kg7 34. Rgf2 Nf5+ 35. Kg1 Qg3+ 36. Rg2 Qe1+ 37. Kh2 Qe5+ 0-1

[Event "Cuiaba op"]
[Site "Cuiaba"]
[Date "2011.10.22"]
[Round "3"]
[White "Mekhitarian, Krikor Sevag"]
[Black "Barbosa, Evandro Amorim"]
[Result "1-0"]
[WhiteElo "2488"]
[BlackElo "2383"]
[PlyCount "113"]
[EventDate "2011.10.21"]
[EventType "swiss"]
[EventRounds "6"]
[EventCountry "BRA"]
[SourceTitle "EXT 2013"]
[Source "ChessBase"]
[SourceDate "2012.11.22"]
[SourceVersion "1"]
[SourceVersionDate "2012.11.22"]
[SourceQuality "1"]

1. e4 c5 2. Nf3 e6 3. d4 cxd4 4. Nxd4 Nc6 5. Nc3 Qc7 6. Be2 a6 7. O-O Nf6 8.
Be3 Be7 9. f4 d6 10. a4 O-O 11. Kh1 Re8 12. Bf3 Rb8 13. g4 Nd7 14. g5 b6 15.
Nxc6 Qxc6 16. e5 Qc7 17. exd6 Bxd6 18. Qd2 Bb4 19. Rad1 b5 20. Nxb5 Qc4 21. Nc3
Nb6 22. Qd4 Bb7 23. Bxb7 Rxb7 24. Qe4 Qxe4+ 25. Nxe4 Nxa4 26. Bd4 Nb6 27. Ra1
Ra8 28. Rf3 Nd5 29. Rb3 Rc7 30. c3 Bf8 31. Ra4 Rd7 32. Be5 Ne3 33. Rd4 Rxd4 34.
Bxd4 Nd5 35. Be5 Rc8 36. Kg2 Be7 37. c4 Nb4 38. c5 Nd5 39. Kf3 f6 40. gxf6 gxf6
41. Bd4 f5 42. Nd6 Rd8 43. Be5 Bxd6 44. cxd6 Rd7 45. Rb8+ Kf7 46. Ra8 Nb4 47.
Ke3 Rb7 48. Kd4 Nc6+ 49. Kc5 Nb4 50. Rh8 Kg6 51. Rg8+ Kh5 52. Rg7 Rb5+ 53. Kc4
Nc6 54. Rxh7+ Kg4 55. Rg7+ Kf3 56. d7 Rd5 57. Bc7 1-0